[Event "19th EUR-ch"]
[Site "Batumi GEO"]
[Date "2018.03.20"]
[Round "4.139"]
[White "Abdulla, Khayala"]
[Black "Tskipurishvili, Daviti"]
[Result "1-0"]
[WhiteElo "2248"]
[BlackElo "1710"]
[EventDate "2018.03.17"]
[PlyCount "102"]

1.e4 c5 2.Ne2 Nc6 3.c4 g6 4.d4 cxd4 5.Nxd4 Bg7 6.Be3 d6 7.Nc3 Nf6 8.Be2 
O-O 9.O-O a6 10.f4 Bd7 11.Rc1 Ne8 12.Nf3 f5 13.Qd5+ e6 14.Qd2 Bxc3 15.bxc3
fxe4 16.Ng5 Ne7 17.Rb1 Qc8 18.Nxe4 Nf5 19.Bf2 Bc6 20.Bd3 Qd7 21.Rfe1 Nf6 
22.Nxf6+ Rxf6 23.Qe2 Re8 24.Rbd1 e5 25.Be4 Ng7 26.c5 d5 27.c4 exf4 28.cxd5
Ba4 29.Rd2 f3 30.gxf3 Nh5 31.c6 Qh3 32.Qf1 Qxf1+ 33.Rxf1 bxc6 34.Bh4 Rd6 
35.Rc1 cxd5 36.Rxd5 Rc6 37.Rdc5 Rxc5 38.Rxc5 Nf4 39.Rc7 Rf8 40.Kf2 Rf7 41.
Rc8+ Kg7 42.Bg3 g5 43.Rc5 h6 44.Ke3 Bb5 45.a3 Ng2+ 46.Kd4 Nf4 47.Kc3 Ng2 
48.Kb2 Nf4 49.Bf2 Rd7 50.Kc3 Ne2+ 51.Kb4 Nd4 1-0

[Event "19th EUR-ch"]
[Site "Batumi GEO"]
[Date "2018.03.20"]
[Round "4.140"]
[White "Yeremian, Alen"]
[Black "Gokhvat, Peter"]
[Result "0-1"]
[WhiteElo "1961"]
[BlackElo "2248"]
[EventDate "2018.03.17"]
[PlyCount "108"]

1.d4 Nf6 2.Nf3 c5 3.d5 d6 4.Nc3 g6 5.e4 Bg4 6.Be2 Bg7 7.O-O O-O 8.h3 Bxf3 
9.Bxf3 Nbd7 10.Be2 a6 11.a4 Qc7 12.Be3 c4 13.f4 Nc5 14.Bf3 Rab8 15.a5 b5 
16.axb6 Rxb6 17.e5 Nfd7 18.e6 Rxb2 19.Bd4 Bxd4+ 20.Qxd4 Nf6 21.exf7+ Rxf7 
22.Rf2 Qb6 23.Nd1 Rb1 24.Rxb1 Qxb1 25.Kh2 a5 26.Ne3 a4 27.Rf1 Qb4 28.g4 
Rf8 29.g5 Nfd7 30.Bg4 a3 31.Bxd7 Nxd7 32.Ng4 Kf7 33.Qe3 Qb6 34.Qe6+ Ke8 
35.Re1 Rf7 36.Kg2 a2 37.f5 gxf5 38.Nf6+ Nxf6 39.gxf6 f4 40.Kf3 Qa5 41.Kg4 
f3 42.Qxd6 Qd8 43.Qf4 a1=Q 44.Rxa1 Rxf6 45.Qxc4 Qd7+ 46.Kh4 Rh6+ 47.Kg5 
Rg6+ 48.Kh4 Qd6 49.Qc8+ Kf7 50.Qf5+ Kg7 51.Qxf3 Qb4+ 52.Qg4 Rxg4+ 53.hxg4 
Qd2 54.Rf1 Qh2+ 0-1

[Event "19th EUR-ch"]
[Site "Batumi GEO"]
[Date "2018.03.20"]
[Round "4.141"]
[White "Tarun, Kanyamarala"]
[Black "Babazada, Khazar"]
[Result "1-0"]
[WhiteElo "1920"]
[BlackElo "2230"]
[EventDate "2018.03.17"]
[PlyCount "81"]

1.Nf3 g6 2.c4 Bg7 3.Nc3 d6 4.g3 Nc6 5.Bg2 e5 6.O-O Nge7 7.Rb1 Be6 8.d3 h6 
9.b4 Qd7 10.b5 Nd8 11.e3 O-O 12.Re1 f5 13.Nd2 g5 14.Nd5 Ng6 15.Qh5 Bf7 16.
Qe2 Ne6 17.Bb2 Rae8 18.Qd1 g4 19.e4 Ng5 20.exf5 Qxf5 21.Nxc7 Rc8 22.Nd5 
Be6 23.Qe2 Nf3+ 24.Bxf3 gxf3 25.Qe4 Qh3 26.Nxf3 Bf5 27.Qe3 Kh7 28.Nd2 Bh8 
29.Kh1 Rg8 30.Rg1 Rcf8 31.Bc1 e4 32.dxe4 Ne5 33.Nf4 Qg4 34.exf5 Rc8 35.f3 
Qg5 36.Ne4 Qxf5 37.Ba3 Nxc4 38.Qxa7 d5 39.Qxb7+ Bg7 40.Qxd5 Ne5 41.Nd6 1-0

[Event "19th EUR-ch"]
[Site "Batumi GEO"]
[Date "2018.03.20"]
[Round "4.142"]
[White "Mkrtchian, Sargis"]
[Black "Valiyev, Shahin"]
[Result "1-0"]
[WhiteElo "2224"]
[BlackElo "1634"]
[EventDate "2018.03.17"]
[PlyCount "99"]

1.d4 Nf6 2.c4 g6 3.Nc3 Bg7 4.e4 d6 5.Nge2 O-O 6.Ng3 e5 7.d5 a5 8.h4 h5 9.
Be2 Nbd7 10.Bg5 Qe8 11.Nb5 Rb8 12.Nxc7 Qd8 13.Nb5 Qb6 14.Be3 Nc5 15.b3 Ng4
16.Bxg4 Bxg4 17.Qc2 Bd7 18.a4 Rbc8 19.f3 Kh7 20.Rb1 Bxb5 21.axb5 Rce8 22.
Ne2 Qd8 23.g4 Bh6 24.Bxc5 dxc5 25.gxh5 Qf6 26.hxg6+ fxg6 27.Rh3 Kg7 28.Qd3
Rh8 29.Kf2 Bf4 30.Rbh1 Rh5 31.Ke1 Rd8 32.Kd1 Ra8 33.Nc3 Rah8 34.Kc2 Qd6 
35.b6 Qxb6 36.d6 Rd8 37.Nb5 a4 38.bxa4 Qa5 39.Ra1 Rdh8 40.Qc3 Qa6 41.Kb3 
Rd8 42.Rd1 Qc6 43.Rhh1 b6 44.a5 bxa5 45.Qxa5 Rd7 46.Qc7 Rxc7 47.dxc7 Rh8 
48.Rd8 Be3 49.Ra1 Bd4 50.Ra7 1-0

[Event "19th EUR-ch"]
[Site "Batumi GEO"]
[Date "2018.03.20"]
[Round "4.143"]
[White "Asatrian, Gor"]
[Black "Suleymanli, Aydin"]
[Result "0-1"]
[WhiteElo "1852"]
[BlackElo "2210"]
[EventDate "2018.03.17"]
[PlyCount "66"]

1.e4 e6 2.d4 d5 3.Nd2 a6 4.c3 c5 5.dxc5 Bxc5 6.Bd3 Nc6 7.Ngf3 Nge7 8.Qe2 
O-O 9.O-O h6 10.e5 f6 11.Nb3 Bb6 12.c4 fxe5 13.Nxe5 Bc7 14.Nxc6 bxc6 15.f4
Nf5 16.c5 Qf6 17.g4 Nh4 18.g5 hxg5 19.fxg5 Qxf1+ 20.Qxf1 Rxf1+ 21.Kxf1 
Bxh2 22.Be3 Bc7 23.Nd4 Bd7 24.Bf2 Re8 25.Ke2 Ng2 26.Bxa6 e5 27.Nc2 d4 28.
Bc4+ Kh7 29.Bd3+ g6 30.Rh1+ Kg7 31.Rf1 Nf4+ 32.Kd2 Nxd3 33.Kxd3 Bh3 0-1

[Event "19th EUR-ch"]
[Site "Batumi GEO"]
[Date "2018.03.20"]
[Round "4.144"]
[White "Ziroian, David"]
[Black "Hakobyan, Hovhannes H."]
[Result "1/2-1/2"]
[WhiteElo "2080"]
[BlackElo "2280"]
[EventDate "2018.03.17"]
[PlyCount "81"]

1.Nf3 Nf6 2.g3 g6 3.Bg2 Bg7 4.O-O O-O 5.d4 d5 6.c4 c6 7.Nc3 dxc4 8.a4 Nd5 
9.e4 Nb4 10.Be3 Bg4 11.h3 Bxf3 12.Bxf3 Nd3 13.e5 f6 14.exf6 Bxf6 15.Be4 
Bxd4 16.Bxd3 cxd3 17.Qb3+ Kh8 18.Qxb7 Bxe3 19.Qxa8 Qc7 20.fxe3 Qxg3+ 21.
Kh1 Qxh3+ 22.Kg1 Qxe3+ 23.Kh1 Qh3+ 24.Kg1 Qg3+ 25.Kh1 Qh3+ 26.Kg1 Qe3+ 27.
Kh1 Qh6+ 28.Kg1 Qg5+ 29.Kh1 Qh4+ 30.Kg2 Qg4+ 31.Kh2 Qh4+ 32.Kg2 Qg5+ 33.
Kh1 Qh4+ 34.Kg2 Qg4+ 35.Kh2 Qh4+ 36.Kg2 Qg4+ 37.Kh2 Qh5+ 38.Kg2 Qg4+ 39.
Kh2 Qh4+ 40.Kg2 Qg4+ 41.Kh2 1/2-1/2

[Event "19th EUR-ch"]
[Site "Batumi GEO"]
[Date "2018.03.20"]
[Round "4.145"]
[White "Morozov, Vitalij"]
[Black "Manafov, Vugar"]
[Result "0-1"]
[WhiteElo "2039"]
[BlackElo "2263"]
[EventDate "2018.03.17"]
[PlyCount "134"]

1.f4 d5 2.Nf3 c5 3.g3 Nc6 4.Bg2 g6 5.O-O Bg7 6.d3 Nf6 7.Qe1 d4 8.a4 O-O 9.
Na3 Nd5 10.Nc4 h6 11.Bd2 Be6 12.Qc1 Kh7 13.h4 Nf6 14.Ra3 Bd5 15.Re1 Ng4 
16.h5 e5 17.hxg6+ fxg6 18.Bh3 Nf6 19.f5 Bxc4 20.fxg6+ Kh8 21.dxc4 e4 22.
Bxh6 exf3 23.exf3 Ng8 24.Bf4 d3 25.Rxd3 Nd4 26.Kg2 Rxf4 27.Qxf4 Qf6 28.c3 
Qxg6 29.Qe4 Qxe4 30.Rxe4 Nc6 31.Rh4+ Bh6 32.Rd6 Rd8 33.Rxd8 Nxd8 34.f4 Kg7
35.Kf3 Ne7 36.Bf1 Nf7 37.Bd3 Kg8 38.Rh1 Bg7 39.Rh5 b6 40.a5 Nd6 41.axb6 
axb6 42.Be4 Nxc4 43.Rh2 b5 44.Rh5 Nd2+ 45.Ke3 Nc4+ 46.Kf2 Nxb2 47.Rxc5 
Nd1+ 48.Kf3 Nxc3 49.Bd3 b4 50.g4 Kf8 51.Ra5 Nc6 52.Ra8+ Ke7 53.Rg8 Bd4 54.
g5 b3 55.Rc8 Nb4 56.Bh7 Ncd5 57.f5 Kd7 58.Rb8 Be5 59.Rb7+ Kc6 60.Ra7 Nf6 
61.gxf6 b2 62.f7 b1=Q 63.f8=Q Qd1+ 64.Kg2 Qg4+ 65.Kf2 Bd4+ 66.Kf1 Qf3+ 67.
Ke1 Bc3# 0-1

[Event "19th EUR-ch"]
[Site "Batumi GEO"]
[Date "2018.03.20"]
[Round "4.146"]
[White "Babukhadia, Levan"]
[Black "Gebigke, Martin"]
[Result "0-1"]
[WhiteElo "1968"]
[BlackElo "2132"]
[EventDate "2018.03.17"]
[PlyCount "96"]

1.d4 Nf6 2.c4 e6 3.Nf3 d5 4.Bg5 h6 5.Bh4 Bb4+ 6.Nc3 dxc4 7.Qa4+ Nc6 8.e3 
Qd5 9.Bxf6 gxf6 10.Be2 b5 11.Qc2 Bb7 12.O-O Bxc3 13.bxc3 f5 14.a4 a6 15.
axb5 axb5 16.Rxa8+ Bxa8 17.Ra1 Bb7 18.Ne1 O-O 19.Bf3 Qd7 20.e4 fxe4 21.
Qxe4 Rb8 22.Qh4 Kg7 23.Qg4+ Kh7 24.Nc2 f5 25.Qh5 Nd8 26.Bxb7 Nxb7 27.Ra7 
Nd6 28.Qd1 Nc8 29.Ra6 Rb6 30.Ra8 Rd6 31.h4 Nb6 32.Ra7 Nd5 33.Qe1 Qg7 34.
Ra8 Nf4 35.g3 Nd3 36.Qe2 c5 37.dxc5 Nxc5 38.Nd4 Ne4 39.Nxb5 Nxg3 40.fxg3 
Qxg3+ 41.Kf1 Qf4+ 42.Kg1 Qc1+ 43.Kf2 Rd2 44.Nd4 Qxc3 45.Qxd2 Qxd2+ 46.Ne2 
c3 47.h5 c2 48.Rc8 f4 0-1

[Event "19th EUR-ch"]
[Site "Batumi GEO"]
[Date "2018.03.20"]
[Round "4.147"]
[White "Mochalin, Faddey"]
[Black "Qalichava, Akaki"]
[Result "0-1"]
[WhiteElo "2110"]
[BlackElo "1796"]
[EventDate "2018.03.17"]
[PlyCount "102"]

1.e4 c5 2.Nf3 e6 3.d4 cxd4 4.Nxd4 Nc6 5.Nc3 Qc7 6.Be3 Nf6 7.Qd2 a6 8.f3 
Bb4 9.O-O-O Ne5 10.Kb1 Nc4 11.Bxc4 Qxc4 12.a3 Bxc3 13.Qxc3 Qxc3 14.bxc3 d5
15.e5 Nd7 16.f4 b6 17.Rhf1 h5 18.h3 g6 19.g4 Ra7 20.f5 gxf5 21.gxf5 Nc5 
22.f6 Rc7 23.Ne2 Ne4 24.Bd4 Bd7 25.c4 Rxc4 26.Rg1 Ba4 27.Rc1 Nd2+ 28.Kb2 
Nf3 29.Rgd1 Rg8 30.Bc3 Rg2 31.Rf1 Rxe2 32.Rxf3 d4 33.Bb4 Rcxc2+ 34.Rxc2 
Bxc2 35.Kc1 Bg6 36.Rf4 d3 37.Bd6 Be4 38.Bb4 a5 39.Bd2 Bg6 40.h4 Rxe5 41.a4
Rc5+ 42.Kd1 e5 43.Rf2 Rc4 44.Be3 Rxa4 45.Rb2 Rb4 46.Ra2 Rxh4 47.Ra3 Rb4 
48.Rc3 Kd7 49.Ke1 a4 50.Kf1 Rb3 51.Rc4 a3 0-1

[Event "19th EUR-ch"]
[Site "Batumi GEO"]
[Date "2018.03.20"]
[Round "4.148"]
[White "Vardanian, Hamazasp"]
[Black "Tsotsonava, Elene"]
[Result "1-0"]
[WhiteElo "2109"]
[BlackElo "1789"]
[EventDate "2018.03.17"]
[PlyCount "101"]

1.c4 Nf6 2.Nc3 e6 3.e4 d5 4.e5 d4 5.exf6 dxc3 6.bxc3 Qxf6 7.d4 e5 8.Nf3 
exd4 9.cxd4 Bb4+ 10.Bd2 Bxd2+ 11.Qxd2 c5 12.Be2 O-O 13.O-O cxd4 14.Qxd4 
Qxd4 15.Nxd4 Bd7 16.Rfd1 Na6 17.Bf3 Nc5 18.Nb3 Nxb3 19.axb3 Bc6 20.Bxc6 
bxc6 21.g3 a5 22.Ra3 Rfb8 23.Rda1 g6 24.Rxa5 Rxa5 25.Rxa5 Rxb3 26.Ra6 c5 
27.Rc6 Rc3 28.Rxc5 Kg7 29.Rc7 Kf6 30.c5 h5 31.h4 Rc4 32.Kg2 Rc3 33.Kf1 Rc2
34.c6 Ke6 35.Ke1 Kd6 36.Rxf7 Rxc6 37.Rf6+ Kd5 38.Rxc6 Kxc6 39.Ke2 Kd5 40.
Ke3 Ke5 41.f3 Kf5 42.Kd4 Kf6 43.Kd5 Kf5 44.Kd6 Kf6 45.g4 g5 46.hxg5+ Kxg5 
47.gxh5 Kxh5 48.f4 Kg6 49.Ke6 Kg7 50.f5 Kf8 51.Kf6 1-0

[Event "19th EUR-ch"]
[Site "Batumi GEO"]
[Date "2018.03.20"]
[Round "4.149"]
[White "Samadov, Read"]
[Black "Orujov, Farid"]
[Result "1-0"]
[WhiteElo "2099"]
[BlackElo "1770"]
[EventDate "2018.03.17"]
[PlyCount "65"]

1.e4 d5 2.exd5 Nf6 3.Nc3 Nxd5 4.Bc4 Nb6 5.Bb3 Nc6 6.Nge2 Bf5 7.d3 e6 8.O-O
Be7 9.a3 O-O 10.Be3 Bf6 11.Ng3 Bg6 12.f4 Qd7 13.Kh1 Rfd8 14.Qg4 Bd4 15.Bd2
Bf6 16.Nce4 Bxb2 17.Ra2 Bf5 18.Qh4 Bxe4 19.Nxe4 Bd4 20.f5 Nd5 21.c3 exf5 
22.cxd4 fxe4 23.dxe4 Nf6 24.Bc3 Re8 25.e5 Nd5 26.Raf2 Rf8 27.Bc2 h6 28.Bd2
f6 29.exf6 Nxf6 30.Bxh6 Nd5 31.Bg5 Rxf2 32.Qh7+ Kf8 33.Rxf2+ 1-0

[Event "19th EUR-ch"]
[Site "Batumi GEO"]
[Date "2018.03.20"]
[Round "4.150"]
[White "Grinev, Boris"]
[Black "Suleymanli, Suleyman"]
[Result "0-1"]
[WhiteElo "2092"]
[BlackElo "1763"]
[EventDate "2018.03.17"]
[PlyCount "66"]

1.d4 d5 2.Nf3 c6 3.Bf4 Nf6 4.e3 e6 5.Nbd2 Bd6 6.Bg3 O-O 7.Bd3 Qe7 8.Ne5 
Nbd7 9.f4 c5 10.c3 Ne8 11.Qh5 f5 12.Ndf3 Nef6 13.Qh3 Bxe5 14.fxe5 Ne4 15.
Bh4 Qe8 16.g4 c4 17.Be2 Nb6 18.Rg1 f4 19.exf4 Qb5 20.b4 Nxc3 21.Be7 Nxe2 
22.Kxe2 c3+ 23.Kf2 Rxf4 24.Kg3 Rf7 25.Bc5 Qd3 26.Rgf1 Nc4 27.Rf2 Nd2 28.
Kg2 Nxf3 29.Raf1 Ne1+ 30.Rxe1 Rxf2+ 31.Kxf2 Qxh3 32.Re3 Qxh2+ 33.Kf1 c2 
0-1

[Event "19th EUR-ch"]
[Site "Batumi GEO"]
[Date "2018.03.20"]
[Round "4.151"]
[White "Pipia, Ekaterine"]
[Black "Day, Thomas W."]
[Result "1/2-1/2"]
[WhiteElo "1737"]
[BlackElo "2083"]
[EventDate "2018.03.17"]
[PlyCount "233"]

1.d4 Nf6 2.c4 e6 3.Nf3 Bb4+ 4.Bd2 Be7 5.Nc3 O-O 6.Bg5 b6 7.e3 Bb7 8.Bd3 h6
9.Bh4 d5 10.O-O Nbd7 11.Bg3 Nh5 12.Be5 Nxe5 13.dxe5 g6 14.cxd5 exd5 15.e6 
Bd6 16.exf7+ Kg7 17.Nb5 Rxf7 18.Nfd4 Bc8 19.Nxd6 Qxd6 20.Nb5 Qe5 21.Qc2 
Bf5 22.Bxf5 gxf5 23.Rac1 c5 24.Rfd1 Rd8 25.Qc3 Qxc3 26.Nxc3 Rfd7 27.Ne2 
Kf6 28.Rd3 Ke5 29.Rcd1 a6 30.Ra3 Ra8 31.Ra4 Nf6 32.Rh4 Rh7 33.Ng3 Ne4 34.
Rh5 Nxg3 35.hxg3 Rg8 36.Rd3 b5 37.Kf1 b4 38.Ke2 a5 39.Kd2 Rg4 40.Kc2 a4 
41.Rh1 c4 42.Rd2 b3+ 43.axb3 cxb3+ 44.Kb1 d4 45.exd4+ Rxd4 46.Re1+ Kd5 47.
Rde2 Rd7 48.Re5+ Kc4 49.Rc1+ Kb4 50.Rxf5 a3 51.bxa3+ Kxa3 52.Ra5+ Ra4 53.
Rxa4+ Kxa4 54.Rf1 Ka3 55.f4 Rd2 56.f5 Rb2+ 57.Kc1 Ka2 58.Rf4 Rc2+ 59.Kd1 
Rc1+ 60.Kxc1 b2+ 61.Kd2 b1=Q 62.Ke3 Qb6+ 63.Kf3 Qf6 64.g4 Kb3 65.Re4 Kc3 
66.Re6 Qg5 67.Rg6 Qd2 68.Rc6+ Kb4 69.Re6 Kc5 70.Kg3 Kd5 71.Kf3 Qd3+ 72.Kf4
Qc3 73.Re3 Qc1 74.Kf3 Qd1+ 75.Kg3 h5 76.gxh5 Qxh5 77.Rf3 Qg5+ 78.Kf2 Qh4+ 
79.Ke2 Qg4 80.Kf2 Qd4+ 81.Kg3 Qf6 82.Kf2 Ke4 83.Re3+ Kf4 84.Rf3+ Ke4 85.
Re3+ Kd4 86.Rf3 Qh4+ 87.Ke2 Qg4 88.Kf2 Qh4+ 89.Ke2 Qf6 90.Kf2 Ke4 91.Re3+ 
Kd5 92.Rd3+ Kc5 93.Rf3 Kd6 94.Rd3+ Ke7 95.Re3+ Kf7 96.Rf3 Qd4+ 97.Kg3 Kf6 
98.Rf4 Qe5 99.Kf3 Kg5 100.g3 Qb2 101.f6 Qc3+ 102.Kf2 Qd2+ 103.Kf3 Qd5+ 
104.Kf2 Qf7 105.Kf3 Qh5+ 106.Kf2 Qf7 107.Kf3 Kg6 108.Kf2 Qa2+ 109.Kf3 Kf7 
110.Ke3 Qg2 111.Rf3 Qc2 112.Rf4 Qc1+ 113.Kf2 Qd2+ 114.Kf3 Qh2 115.Rf5 Qh1+
116.Kf2 Qe4 117.Rf4 1/2-1/2

[Event "19th EUR-ch"]
[Site "Batumi GEO"]
[Date "2018.03.21"]
[Round "5.1"]
[White "Nabaty, Tamir"]
[Black "Hovhannisyan, Robert"]
[Result "1-0"]
[WhiteElo "2690"]
[BlackElo "2601"]
[EventDate "2018.03.17"]
[PlyCount "99"]

1.d4 d5 2.Nf3 Nf6 3.Bf4 Bf5 4.Nh4 Be4 5.f3 Bg6 6.Nc3 e6 7.Qd2 Bd6 8.O-O-O 
O-O 9.Nxg6 hxg6 10.h4 c5 11.dxc5 Bxf4 12.Qxf4 Nc6 13.e3 Nd7 14.Qd6 Rc8 15.
h5 g5 16.Bb5 a6 17.Ba4 Ncb8 18.Bxd7 Nxd7 19.e4 Rc6 20.Qg3 Rxc5 21.exd5 
exd5 22.h6 g6 23.Nxd5 Re8 24.Rhe1 Rxe1 25.Qxe1 Kh7 26.Qb4 Qc8 27.Ne7 Qc7 
28.Qd4 Qe5 29.Qxd7 Rc7 30.Nxg6 Qe3+ 31.Qd2 Qxd2+ 32.Rxd2 fxg6 33.Rd4 Kxh6 
34.Kd2 Kg7 35.c4 Kf6 36.b4 Rh7 37.Rd6+ Kf5 38.Ke3 Re7+ 39.Kd3 Rg7 40.a4 
Ke5 41.c5 Kf4 42.Rd4+ Ke5 43.Kc4 Rh7 44.Re4+ Kf6 45.b5 axb5+ 46.axb5 Rh2 
47.c6 bxc6 48.bxc6 Rxg2 49.Kc5 Rc2+ 50.Rc4 1-0

[Event "19th EUR-ch"]
[Site "Batumi GEO"]
[Date "2018.03.21"]
[Round "5.2"]
[White "Paravian, David"]
[Black "Inarkiev, Ernesto"]
[Result "1/2-1/2"]
[WhiteElo "2613"]
[BlackElo "2684"]
[EventDate "2018.03.17"]
[PlyCount "158"]

1.Nf3 d5 2.d4 Nf6 3.c4 e6 4.Nc3 Bb4 5.Qa4+ Nc6 6.e3 O-O 7.Qc2 Re8 8.Bd2 a6
9.a3 Bd6 10.h4 h6 11.Be2 dxc4 12.Bxc4 b5 13.Be2 Bb7 14.g4 b4 15.Na4 Nxg4 
16.Nc5 Bxc5 17.Qxc5 bxa3 18.bxa3 Qd6 19.Rg1 f5 20.Bc3 Ne7 21.Ne5 Nxe5 22.
Qxd6 cxd6 23.dxe5 Rac8 24.Bh5 g6 25.exd6 Rxc3 26.dxe7 Rxe7 27.Bxg6 Kf8 28.
Bh5 Be4 29.f3 Bd5 30.Kd2 Rb3 31.Rab1 Reb7 32.Rxb3 Rxb3 33.Rg6 Rxa3 34.Rxh6
Kg7 35.Rg6+ Kh7 36.e4 fxe4 37.fxe4 Bc4 38.Rf6 Rd3+ 39.Kc2 Re3 40.Kd2 Rxe4 
41.Bg6+ Kg7 42.Bxe4 Kxf6 43.Kc3 Be2 44.Kd4 Bd1 45.Bd3 a5 46.Kc5 e5 47.Kb5 
a4 48.Kb4 Kg7 49.Bb1 Bb3 50.Be4 Kh6 51.Bf3 Kg6 52.Ka3 Kf5 53.h5 Kf6 54.Kb4
Kg5 55.Ka3 Bf7 56.Kxa4 Bxh5 57.Bc6 Kf4 58.Kb4 Bf3 59.Bb5 e4 60.Kc3 Kg3 61.
Kd4 Kf2 62.Ke5 Kg3 63.Kd4 Kf2 64.Ke5 e3 65.Kf4 Be2 66.Bd7 Bc4 67.Bg4 Bb3 
68.Bf3 Be6 69.Bh5 Bc4 70.Bg4 Be2 71.Bd7 Bf3 72.Bb5 Bc6 73.Bc4 Bg2 74.Bb5 
Bf3 75.Bc4 Be2 76.Be6 Bd3 77.Bg4 Bg6 78.Bf3 Bf5 79.Bh5 Bd3 1/2-1/2

[Event "19th EUR-ch"]
[Site "Batumi GEO"]
[Date "2018.03.21"]
[Round "5.3"]
[White "Saric, Ivan"]
[Black "Bosiocic, Marin"]
[Result "1-0"]
[WhiteElo "2657"]
[BlackElo "2611"]
[EventDate "2018.03.17"]
[PlyCount "53"]

1.e4 c5 2.Nf3 e6 3.d4 cxd4 4.Nxd4 Nc6 5.Nc3 Qc7 6.Be3 a6 7.Qd2 Nf6 8.O-O-O
Bb4 9.f3 O-O 10.g4 b5 11.g5 Nh5 12.Kb1 Rb8 13.Nxc6 dxc6 14.f4 c5 15.Be2 g6
16.Bxh5 gxh5 17.f5 Bb7 18.g6 fxg6 19.fxg6 Bxc3 20.gxh7+ Kxh7 21.Qxc3 Bxe4 
22.Rhg1 Rf5 23.Bc1 Rf3 24.Qd2 Kh8 25.b3 Rbf8 26.Qh6+ Bh7 27.Rd7 1-0

[Event "19th EUR-ch"]
[Site "Batumi GEO"]
[Date "2018.03.21"]
[Round "5.4"]
[White "Jones, Gawain"]
[Black "Martirosian, Haik"]
[Result "1/2-1/2"]
[WhiteElo "2651"]
[BlackElo "2586"]
[EventDate "2018.03.17"]
[PlyCount "78"]

1.e4 e6 2.d4 d5 3.Nd2 dxe4 4.Nxe4 Nd7 5.Nf3 Ngf6 6.Nxf6+ Nxf6 7.g3 Bd7 8.
Be2 Bc6 9.O-O Bd6 10.c4 O-O 11.Ne5 Be4 12.f3 Bg6 13.Be3 c6 14.Qe1 Qc7 15.
Qc3 a5 16.Kg2 Rfd8 17.Rad1 c5 18.Nxg6 hxg6 19.f4 b6 20.Bf3 Rac8 21.d5 e5 
22.fxe5 Bxe5 23.Qd2 Re8 24.Rfe1 Bd6 25.Bg5 Nh7 26.Bf4 Nf6 27.Bg5 Nh7 28.
Bf4 Nf6 29.a3 Bxf4 30.Qxf4 Qxf4 31.gxf4 Rxe1 32.Rxe1 Kf8 33.d6 Rd8 34.Rd1 
Ne8 35.d7 Nf6 36.Bc6 Ke7 37.Re1+ Kf8 38.Rd1 Ke7 39.Re1+ Kf8 1/2-1/2

[Event "19th EUR-ch"]
[Site "Batumi GEO"]
[Date "2018.03.21"]
[Round "5.5"]
[White "Skoberne, Jure"]
[Black "Bok, Benjamin"]
[Result "0-1"]
[WhiteElo "2563"]
[BlackElo "2622"]
[EventDate "2018.03.17"]
[PlyCount "78"]

1.d4 Nf6 2.Nf3 d5 3.Bf4 c5 4.e3 Nc6 5.Nbd2 Qb6 6.dxc5 Qxb2 7.c4 g6 8.Be2 
Bg7 9.O-O O-O 10.Qc1 Nh5 11.Qxb2 Bxb2 12.Bh6 Bxa1 13.Bxf8 Kxf8 14.Rxa1 Nf6
15.Nd4 Bd7 16.Bf3 Nxd4 17.exd4 Bc6 18.Nb3 dxc4 19.Bxc6 bxc6 20.Na5 c3 21.
Rc1 Rb8 22.Kf1 Nd5 23.Nxc6 Rb2 24.a3 Nf4 25.Ne5 Ke8 26.Nc4 Ra2 27.Ne3 Rxa3
28.Nd1 Nd5 29.Ke2 Kd7 30.Kd3 Kc6 31.g3 a5 32.Ne3 c2+ 33.Kxc2 Rc3+ 34.Kd2 
Rxc1 35.Kxc1 Nxe3 36.fxe3 e5 37.Kc2 exd4 38.exd4 f5 39.Kb3 Kb5 0-1

[Event "19th EUR-ch"]
[Site "Batumi GEO"]
[Date "2018.03.21"]
[Round "5.6"]
[White "Alekseenko, Kirill"]
[Black "Vocaturo, Daniele"]
[Result "1/2-1/2"]
[WhiteElo "2609"]
[BlackElo "2620"]
[EventDate "2018.03.17"]
[PlyCount "91"]

1.e4 c5 2.Nf3 d6 3.d4 cxd4 4.Nxd4 Nf6 5.Nc3 g6 6.Be3 Bg7 7.f3 O-O 8.Qd2 
Nc6 9.Bc4 Bd7 10.O-O-O Rc8 11.Bb3 Nxd4 12.Bxd4 b5 13.Nd5 Nxd5 14.Bxg7 Kxg7
15.exd5 a5 16.a3 Kg8 17.Rhe1 Rc5 18.Re3 b4 19.axb4 axb4 20.Qxb4 Qa8 21.Kd2
Rb8 22.Qd4 Qa5+ 23.Ke2 Rb4 24.Qd2 Qb6 25.Kf2 Ba4 26.Bxa4 Rxa4 27.Rb3 Qa7 
28.Kg3 Raa5 29.Rb4 Rxd5 30.Qxd5 Rxd5 31.Rxd5 Qa1 32.Re4 Kf8 33.b3 f5 34.
Re2 Qf1 35.Rdd2 g5 36.h4 gxh4+ 37.Kxh4 Kf7 38.Kg3 Qg1 39.Kf4 Kf6 40.Rf2 
Qe1 41.Kg3 Qg1 42.f4 h5 43.Kf3 Qe1 44.Rfe2 Qg1 45.Rf2 Qe1 46.Rfe2 1/2-1/2

[Event "19th EUR-ch"]
[Site "Batumi GEO"]
[Date "2018.03.21"]
[Round "5.7"]
[White "Romanov, Evgeny"]
[Black "Djukic, Nikola"]
[Result "1/2-1/2"]
[WhiteElo "2619"]
[BlackElo "2523"]
[EventDate "2018.03.17"]
[PlyCount "45"]

1.d4 Nf6 2.Bg5 e6 3.e4 h6 4.Bxf6 Qxf6 5.c3 d5 6.Nd2 c5 7.Bb5+ Bd7 8.Bxd7+ 
Nxd7 9.exd5 cxd4 10.Ne2 dxc3 11.Nxc3 Qe5+ 12.Nde4 exd5 13.Qxd5 Qxd5 14.
Nxd5 O-O-O 15.O-O-O Nc5 16.Nec3 Ne6 17.f4 Bd6 18.g3 Nc7 19.Rhe1 Nxd5 20.
Rxd5 Bb4 21.Re4 Rxd5 22.Nxd5 Bd6 23.Kc2 1/2-1/2

[Event "19th EUR-ch"]
[Site "Batumi GEO"]
[Date "2018.03.21"]
[Round "5.8"]
[White "Alekseev, Evgeny"]
[Black "Yakovenko, Dmitry"]
[Result "1/2-1/2"]
[WhiteElo "2617"]
[BlackElo "2746"]
[EventDate "2018.03.17"]
[PlyCount "23"]

1.e4 e5 2.Nf3 Nc6 3.Bb5 a6 4.Ba4 Nf6 5.O-O Be7 6.Re1 b5 7.Bb3 O-O 8.c3 d6 
9.h3 Nb8 10.d4 Nbd7 11.Nbd2 Bb7 12.Bc2 1/2-1/2

[Event "19th EUR-ch"]
[Site "Batumi GEO"]
[Date "2018.03.21"]
[Round "5.9"]
[White "Wojtaszek, Radoslaw"]
[Black "Yilmaz, Mustafa"]
[Result "1-0"]
[WhiteElo "2738"]
[BlackElo "2619"]
[EventDate "2018.03.17"]
[PlyCount "65"]

1.d4 d5 2.c4 e6 3.Nc3 Nf6 4.cxd5 exd5 5.Bg5 c6 6.e3 Be7 7.Bd3 Nbd7 8.Nge2 
Nf8 9.Qc2 Ne6 10.Bh4 g6 11.f3 O-O 12.O-O-O b6 13.g4 Bb7 14.Kb1 Rc8 15.Bxf6
Bxf6 16.h4 c5 17.h5 Qe7 18.f4 Rfe8 19.hxg6 fxg6 20.Rh3 Nf8 21.Qd2 a6 22.g5
Bg7 23.f5 Qxg5 24.fxg6 cxd4 25.gxh7+ Kh8 26.Nxd4 Rc7 27.Nce2 Bc8 28.Rg3 
Qe5 29.Nf4 Rf7 30.Rdg1 Bd7 31.Nf3 Qxe3 32.Ng5 Qxd2 33.Nxf7# 1-0

[Event "19th EUR-ch"]
[Site "Batumi GEO"]
[Date "2018.03.21"]
[Round "5.10"]
[White "Ponkratov, Pavel"]
[Black "Navara, David"]
[Result "1/2-1/2"]
[WhiteElo "2613"]
[BlackElo "2737"]
[EventDate "2018.03.17"]
[PlyCount "63"]

1.d4 Nf6 2.Nf3 e6 3.g3 c5 4.Bg2 cxd4 5.Nxd4 d5 6.c4 e5 7.Nf3 d4 8.O-O Nc6 
9.e3 Be7 10.exd4 exd4 11.a3 Be6 12.b4 Bxc4 13.Re1 O-O 14.Nbd2 Bd5 15.Bb2 
Qb6 16.Rc1 Rfe8 17.Nxd4 Bxb4 18.Bxd5 Rxe1+ 19.Qxe1 Nxd4 20.axb4 Nxd5 21.
Qe5 Ne6 22.Qxd5 Rd8 23.Qe5 Rxd2 24.Rc8+ Rd8 25.Bd4 Rxc8 26.Bxb6 axb6 27.
Qd6 Rc6 28.Qd7 Rc4 29.Qe8+ Nf8 30.Qb5 Rc6 31.h4 h6 32.Kg2 1/2-1/2

[Event "19th EUR-ch"]
[Site "Batumi GEO"]
[Date "2018.03.21"]
[Round "5.12"]
[White "Cheparinov, Ivan"]
[Black "Andersen, Mads"]
[Result "1/2-1/2"]
[WhiteElo "2693"]
[BlackElo "2605"]
[EventDate "2018.03.17"]
[PlyCount "103"]

1.e4 c5 2.Nf3 d6 3.d4 cxd4 4.Nxd4 Nf6 5.Nc3 a6 6.Be3 e6 7.Be2 Be7 8.Qd2 
O-O 9.O-O-O Nc6 10.Kb1 Rb8 11.g4 Nxd4 12.Qxd4 e5 13.Qd3 Nxg4 14.Bxg4 Bxg4 
15.Rdg1 Bh5 16.h4 Kh8 17.Nd5 f6 18.Rg3 Qd7 19.Rhg1 Rg8 20.f4 Rbf8 21.Bd2 
Bd8 22.f5 Qc6 23.Qf1 Qd7 24.R1g2 Rf7 25.a3 b5 26.Qe1 Qa7 27.Be3 Qb7 28.Qf1
Rd7 29.Qg1 Rf7 30.Bd2 Qa7 31.Be3 Qb7 32.Qe1 Rd7 33.Qf1 Qc6 34.Qg1 Qb7 35.
Qf2 Rf7 36.Qg1 Rd7 37.Bf2 Rf7 38.Qe1 Rd7 39.Qd2 Re8 40.Rg1 Qc6 41.Rc3 Qb7 
42.Rcg3 Qc6 43.Be3 Qb7 44.Qc3 Rg8 45.R1g2 Rf7 46.Rd2 Rd7 47.Bg1 Qa8 48.
Rdg2 Qb7 49.Be3 Rf7 50.Rg1 Rd7 51.Qd2 Re8 52.R1g2 1/2-1/2

[Event "19th EUR-ch"]
[Site "Batumi GEO"]
[Date "2018.03.21"]
[Round "5.13"]
[White "Naer, Evgeny"]
[Black "Bologan, Viorel"]
[Result "1-0"]
[WhiteElo "2683"]
[BlackElo "2600"]
[EventDate "2018.03.17"]
[PlyCount "79"]

1.e4 d6 2.d4 Nf6 3.Nc3 e5 4.Nf3 Nbd7 5.Bc4 Be7 6.a4 O-O 7.O-O c6 8.Ba2 b6 
9.Qe2 a6 10.Rd1 Qc7 11.h3 Rb8 12.d5 cxd5 13.Bxd5 Nc5 14.Bg5 Bd7 15.Ra3 b5 
16.axb5 axb5 17.b4 Ne6 18.Be3 Rfe8 19.Qd3 Qc8 20.Bb3 Nc7 21.Ra7 h6 22.Nh4 
Kf8 23.Bxh6 gxh6 24.Qe3 Ng8 25.Qf3 Be6 26.Bxe6 Nxe6 27.Nd5 Nf4 28.Nf5 Nxd5
29.Nxd6 Qe6 30.Nxe8 Nxb4 31.Nc7 Qb6 32.Rd7 Rd8 33.Qf5 Rxd7 34.Qxd7 Qc5 35.
Ra8+ Kg7 36.Qg4+ Bg5 37.Ne8+ Kh8 38.Nf6 Kg7 39.Nh5+ Kh8 40.h4 1-0

[Event "19th EUR-ch"]
[Site "Batumi GEO"]
[Date "2018.03.21"]
[Round "5.14"]
[White "Bindrich, Falko"]
[Black "Sargissian, Gabriel"]
[Result "1/2-1/2"]
[WhiteElo "2602"]
[BlackElo "2677"]
[EventDate "2018.03.17"]
[PlyCount "95"]

1.d4 d5 2.c4 e6 3.Nf3 Nf6 4.g3 Be7 5.Bg2 O-O 6.O-O Nbd7 7.Qc2 c6 8.Nbd2 b6
9.b3 Ba6 10.Bb2 c5 11.Rac1 Rc8 12.Qb1 b5 13.cxd5 Nxd5 14.e4 N5b6 15.Rfd1 
Bb7 16.d5 exd5 17.exd5 Nxd5 18.Ne4 Qb6 19.Bh3 Rcd8 20.Bf5 g6 21.Bh3 N7f6 
22.Neg5 c4 23.Bd4 Qa6 24.bxc4 bxc4 25.Ne5 Bc8 26.Bf1 Bf5 27.Qa1 Bd3 28.
Nxd3 cxd3 29.Bxd3 Qa5 30.Bc4 h6 31.Nf3 Nb6 32.Ne5 Nxc4 33.Nc6 Qh5 34.Nxe7+
Kh7 35.Bxf6 Nd2 36.Nc6 Rd5 37.Nd4 Ne4 38.Be7 Re8 39.f3 Nf2 40.Re1 Nd3 41.
g4 Qh3 42.Bf6 Rxd4 43.Rxe8 Rxg4+ 44.fxg4 Qxg4+ 45.Kf1 Qf3+ 46.Kg1 Qf2+ 47.
Kh1 Qf3+ 48.Kg1 1/2-1/2